Statistiques concernant Devinez la langue par Scramble Words

Cliquez ici pour prendre le quiz!

Statistiques générales

  • Ce quiz a été pris 31 fois
  • Le résultat moyen est 9 sur 20

Statistiques - réponses

Langue:Réponse% Correct
Le renard brun rapide saute par-dessus le chien paresseux.Français
100%
El rápido zorro marrón salta sobre el perro perezoso.Spanish
88%
La veloce volpe marrone salta sul cane pigro.Italian
86%
素早い茶色のキツネが怠け者の犬を飛び越えます。Japanese
75%
敏捷的棕色狐狸跳过了懒狗。
/
敏捷的棕色狐狸跳過了懶狗。
Chinese
67%
तेज, भूरी लोमडी आलसी कुत्ते के उपर कूद गई।Hindi
67%
재빠른 갈색 여우가 게으른 개를 뛰어넘습니다.Korean
67%
A rápida raposa marrom pula sobre o cachorro preguiçoso.Portuguese
63%
The quick brown fox jumps over the lazy dog.English
60%
Die vinnige bruin jakkals spring oor die lui hond.Afrikaans
50%
الثعلب البني السريع يقفز فوق الكلب الكسول.Arabic
50%
Hızlı kahverengi tilki tembel köpeğin üzerinden atlar.Turkish
50%
تیز بھوری لومڑی سست کتے پر چھلانگ لگاتی ہے۔Urdu
50%
השועל החום המהיר קופץ מעל הכלב העצלן.Hebrew
40%
Жылдам қоңыр түлкі жалқау иттің үстінен секіреді.Kazakh
40%
Çalt goňur tilki ýalta itiň üstünden bökýär.Turkmen
40%
Швидка бура лисиця перестрибує ледачого пса.Ukrainian
33%
Dhelpra e shpejtë kafe kërcen mbi qenin dembel.Albania
29%
Lele ka ʻalopeke ʻeleʻele wikiwiki ma luna o ka ʻīlio palaualelo.Hawaiian
29%
Rubah coklat cepat melompati anjing malas.Indonesian
29%
Den hurtige brune ræv hopper over den dovne hund.Danish
22%
Szybki brązowy lis przeskakuje nad leniwym psem.Polish
18%
O le alope vave enaena e oso i luga o le maile paie.Samoan
17%
Ɔkraman a ne ho yɛ bruu a ɔyɛ ntɛm no huruw fa ɔkraman a ɔyɛ ɔkwasea no so.Akan
13%
Utqaylla q’illu atuqqa qilla allqu patapi saltan.Quechua
13%
Vulpea maro iute sare peste câinele leneș.Romanian
13%
Il-volpi kannella malajr jaqbeż fuq il-kelb għażżien.Maltese
11%
ਤੇਜ਼ ਭੂਰੀ ਲੂੰਬੜੀ ਆਲਸੀ ਕੁੱਤੇ ਦੇ ਉੱਪਰ ਛਾਲ ਮਾਰਦੀ ਹੈ।Punjabi
11%
Uka jank’a ch’uxña zorrox q’añu allqamariruw jaltawayxi.Aymara
0%
De snelle bruine vos springt over de luie hond heen.Dutch
0%
Mai sauri mai launin ruwan kasa ta tsalle kan karen malalaci.Hausa
0%
Tus hma liab nrawm dhia hla tus dev tub nkeeg.Hmong
0%
Hinn snöggur brúni refur stekkur yfir lata hundinn.Icelandic
0%
ګړندی نسواري ګیدړ په سست سپي باندې ټوپ کوي.Pashto
0%
Быстрая коричневая лиса прыгает через ленивую собаку.Russian
0%

Distribution des résultats

Percentile par nombre de réponses

% des personnes avec chaque résultat

Votre développement - résultats

Vous n’avez pas pris ce quiz